00687nam a2200217 a 450000100060000000300090000600800410001502000180005604000280007404100080010224501100011025000230022026000540024330000110029749000170030865000320032565000250035765000340038270000220041670000310043826469CO-ViMGA141112s2004 ck r 000 u spa d a9789583802171 aCO-ViMGAbspacCO-ViMGA aSPA10aPuertos abiertos : bantología de cuento centroAméricano / cselección y prólogo Sergio Ramírez a1a ed., 1a reimpr. aBogotá : bFondo de Cultura Económica, c2014 a436 p. aTierra firme14aAUTORES CENTROAméricaNOS 14aCUENTOS - ANTOLOGIAS14aLITERATURA CENTROAméricaNA 1 aRamírez, Sergio1 aRamírez, Sergio, 1942 -